MyGZULibrary

The trail / (Record no. 4579)

MARC details
000 -LEADER
fixed length control field 00775nam a22002777a 4500
001 - CONTROL NUMBER
control field 12222279
003 - CONTROL NUMBER IDENTIFIER
control field GZU
005 - DATE AND TIME OF LATEST TRANSACTION
control field 20210316153036.0
008 - FIXED-LENGTH DATA ELEMENTS--GENERAL INFORMATION
fixed length control field 001013s1999 rh 000 0 eng
010 ## - LIBRARY OF CONGRESS CONTROL NUMBER
LC control number 00378153
020 ## - INTERNATIONAL STANDARD BOOK NUMBER
Canceled/invalid ISBN 0777421645
035 ## - SYSTEM CONTROL NUMBER
System control number (DLC) 00378153
040 ## - CATALOGING SOURCE
Original cataloging agency DLC
Transcribing agency DLC
042 ## - AUTHENTICATION CODE
Authentication code lcode
050 00 - LIBRARY OF CONGRESS CALL NUMBER
Classification number PR9390 MAS 2000
100 1# - MAIN ENTRY--PERSONAL NAME
Personal name Masitera, Lilian.
Relator term author
245 14 - TITLE STATEMENT
Title The trail /
Statement of responsibility, etc. Lilian Masitera.
260 ## - PUBLICATION, DISTRIBUTION, ETC.
Place of publication, distribution, etc. Belvedere, Harare, Zimbabwe :
Name of publisher, distributor, etc. Now I Can Play Publications,
Date of publication, distribution, etc. 1999.
300 ## - PHYSICAL DESCRIPTION
Extent 90 p. ;
Dimensions 21 cm.
500 ## - GENERAL NOTE
General note Novel
650 ## - SUBJECT ADDED ENTRY--TOPICAL TERM
Source of heading or term Short story-- English
651 ## - SUBJECT ADDED ENTRY--GEOGRAPHIC NAME
Source of heading or term Zimbabwe
906 ## - LOCAL DATA ELEMENT F, LDF (RLIN)
a 7
b cbc
c origode
d 3
e ncip
f 20
g y-gencatlg
942 ## - ADDED ENTRY ELEMENTS (KOHA)
Source of classification or shelving scheme Library of Congress Classification
Koha item type Books
Classification part 9390
Item part MAS
Call number prefix PR
Holdings
Withdrawn status Lost status Damaged status Not for loan Collection code Home library Current library Shelving location Date acquired Inventory number Total Checkouts Full call number Barcode Date last seen Copy number Price effective from Koha item type Total Renewals Date last checked out
        Non-fiction City Campus Library City Campus Library General Stacks 03/16/2012 13875   PR9390 MAS 2000 009628 03/16/2021 c.1 03/16/2021 Books    
        Non-fiction City Campus Library City Campus Library General Stacks 03/16/2012 13870 2 PR9390 MAS 2000 009620 08/25/2025 c.2 03/16/2021 Books 5 07/08/2025
        Non-fiction City Campus Library City Campus Library General Stacks 03/16/2012 13874   PR9390 MAS 2000 009629 03/16/2021 c.3 03/16/2021 Books    
        Non-fiction City Campus Library City Campus Library General Stacks 03/16/2012 13866   PR9390 MAS 2000 009626 03/16/2021 c.4 03/16/2021 Books    
        Non-fiction City Campus Library City Campus Library General Stacks 03/16/2012 13867   PR9390 MAS 2000 009625 03/16/2021 c.5 03/16/2021 Books    
        Non-fiction City Campus Library City Campus Library General Stacks 03/16/2012 13873   PR9390 MAS 2000 009617 03/16/2021 c.6 03/16/2021 Books    
        Non-fiction City Campus Library City Campus Library General Stacks 03/16/2012 13872   PR9390 MAS 2000 009616 03/16/2021 c.7 03/16/2021 Books    
        Non-fiction City Campus Library City Campus Library General Stacks 03/16/2012 13868   PR9390 MAS 2000 009623 03/16/2021 c.8 03/16/2021 Books    
        Non-fiction City Campus Library City Campus Library General Stacks 03/16/2012 13871   PR9390 MAS 2000 009619 03/16/2021 c.9 03/16/2021 Books    
        Non-fiction City Campus Library City Campus Library General Stacks 03/16/2012 13869   PR9390 MAS 2000 009622 03/16/2021 c.10 03/16/2021 Books